Rozvod a odlúčenie ako zvládnuť rozchod rodičov

Bibliographic Details
Main Author: Whyman, Matthew (Author)
Other Authors: Venning, Harry (Illustrator), Višňovská, Zuzana (Translator)
Format: Book
Language:Slovak
PhysicalDescription:144 s. ilustr. 20 cm
Published: Bratislava Egmont 1999
ISBN:8071349771
Series:Chceš vedieť viac?
Subjects:

MARC

LEADER 00000nam a2200000 a 4500
001 vtls001382616
003 SK-MaSNL
005 20260301161416.0
008 240314s1999 xo a rf 01000 slo
015 |a SNBA2000/04-01262 
020 |a 8071349771  |q (brož.) 
035 |a SNK000336669 
040 |a SNK  |b slo  |c SNK  |e AACR2 
041 0 |a slo 
044 |a xo  |c SK 
072 7 |a 364  |x Sociálne problémy vyžadujúce podporu a pomoc. Sociálne zabezpečenie  |2 konspekt 
072 7 |a 316.8  |x Manželstvo a rodina. Sexuálne vzťahy  |2 konspekt 
080 |a 347.627.2  |2 2011 
080 |a 364.642  |2 2011 
080 |a 316.363.5  |2 2011 
080 |a (035)  |2 2011 
100 1 |a Whyman, Matthew  |4 aut  |9 524382 
245 1 0 |a Rozvod a odlúčenie  |b ako zvládnuť rozchod rodičov  |c napísal Matthew Whyman ; ilustroval Harry Venning ; [preklad Zuzana Višňovská] 
260 |a Bratislava  |b Egmont  |c 1999 
300 |a 144 s.  |b ilustr.  |c 20 cm 
490 1 |a Chceš vedieť viac? 
500 |a Údaj o prekl. prevzatý z rubu tit. strany 
650 0 7 |a rozvod  |2 SNKPH  |9 2703 
650 0 7 |a partnerské rozchody  |2 SNKPH  |9 84880 
650 0 7 |a Divorce  |2 SNKPHeng  |9 328182 
650 0 7 |a Separations (partner relationships)  |2 SNKPHeng  |9 340389 
655 7 |a príručky  |2 SNKPH  |9 74364 
655 7 |a Handbooks, manuals, etc.  |2 SNKPHeng  |9 90964 
700 1 |a Venning, Harry  |4 ill  |9 294711 
700 1 |a Višňovská, Zuzana  |4 trl  |9 352672 
830 0 |a Chceš vedieť viac?  |9 294712 
852 |a Štátna vedecká knižnica v Banskej Bystrici 
919 |a 80-7134-977-1 
958 |a TL 
958 |a OP 
958 |a NS 
968 |b ENG 
999 |c 809343  |d 811273 
952 |t P60, <03>, [BOOK], {603}  |a SNK  |b SNK  |y PREZ  |7 0  |p 17A0228575  |o snkSD 70641  |i snkKSP 2136/2000  |0 0  |1 0  |4 0  |d 2000-02-16  |l 0  |r 2005-01-02 00:00:00  |w 2026-02-24 
952 |t P60, <04>, [BOOK], {604}  |a SNK  |b SNK  |y VYP  |7 0  |p 17A0228576  |o snkSD 70641 D1  |i snkKSP 2137/2000  |0 0  |1 0  |4 0  |d 2000-02-16  |l 0  |r 2005-01-02 00:00:00  |w 2026-02-24 
952 |t P60, <09>, [BOOK], {629}  |a SNK  |b SNK  |y NEVYP  |7 0  |o snkD 48  |i snk228/20000222  |0 0  |1 0  |4 0  |d 2000-02-16  |l 0  |r 2005-01-02 00:00:00  |w 2026-02-24